[Event "BL2-Sued 8990"]
[Site "Germany"]
[Date "1989.??.??"]
[Round "?.3"]
[White "Ploetz, Werner"]
[Black "Baldauf, Markus"]
[Result "1/2-1/2"]
[WhiteElo "2255"]
[BlackElo "2280"]
[PlyCount "107"]
[EventDate "1989.10.??"]
[EventType "team-tourn"]
[EventRounds "9"]
[EventCountry "GER"]
[SourceTitle "GER-chT2"]
[Source "ChessBase"]
[SourceDate "1999.07.01"]
[SourceVersion "1"]
[SourceVersionDate "1999.07.01"]
[SourceQuality "1"]
[WhiteTeam "Bayern Muenchen II"]
[BlackTeam "Wolfbusch"]
[WhiteTeamCountry "GER"]
[BlackTeamCountry "GER"]

1. e4 Nf6 2. Nc3 d5 3. e5 Ne4 4. Nce2 Nc5 5. d4 Ne6 6. f4 g6 7. Nf3 c5 8. c3 Nc6 9. dxc5 Nxc5 10. Ned4 a6 11. Be3 Ne6 12. Bd3 Bh6 13. Qd2 Nexd4 14. Nxd4 Nxd4 15. Bxd4 0-0 16. 0-0 Bd7 17. Qe2 e6 18. Rf3 Bg7 19. Qf2 f5 20. exf6 Bxf6 21. Re1 Rc8 22. g3 Qa5 23. a3 Bxd4 24. Qxd4 Qc5 25. Qxc5 Rxc5 26. Rfe3 Kf7 27. Bf1 Ke7 28. h4 a5 29. Rd1 Kd6 30. Rd4 Rfc8 31. Kf2 b5 32. Ke1 Rb8 33. Kd2 Rc6 34. Be2 Rcb6 35. Kc2 b4 36. axb4 axb4 37. Rxb4 Rxb4 38. cxb4 Rxb4 39. Ra3 Kc5 40. Bg4 Rc4+ 41. Rc3 Kb4 42. h5 gxh5 43. Bxh5 Rxc3+ 44. bxc3+ Kc5 45. Kd3 Bb5+ 46. Ke3 Ba4 47. Be2 Bc2 48. g4 h6 49. Bd3 Bd1 50. g5 hxg5 51. fxg5 e5 52. g6 Bh5 53. g7 Bf7 54. Bh7 1/2-1/2

[Event "BL2-Sued 8889"]
[Site "Germany"]
[Date "1988.??.??"]
[Round "?.4"]
[White "Mandl, Robert"]
[Black "Ploetz, Werner"]
[Result "1-0"]
[WhiteElo "2280"]
[BlackElo "2265"]
[PlyCount "81"]
[EventDate "1988.10.??"]
[EventType "team-tourn"]
[EventRounds "9"]
[EventCountry "GER"]
[SourceTitle "GER-chT2"]
[Source "ChessBase"]
[SourceDate "1999.07.01"]
[SourceVersion "1"]
[SourceVersionDate "1999.07.01"]
[SourceQuality "1"]
[WhiteTeam "Regensburg"]
[BlackTeam "Bayern Muenchen II"]
[WhiteTeamCountry "GER"]
[BlackTeamCountry "GER"]

1. Nf3 Nf6 2. c4 e6 3. d4 b6 4. g3 Ba6 5. b3 Bb4+ 6. Bd2 Be7 7. Nc3 c6 8. e4 d5 9. Qc2 0-0 10. e5 Ne8 11. Bd3 h6 12. h4 dxc4 13. bxc4 Nc7 14. Rd1 b5 15. c5 f5 16. exf6 Bxf6 17. 0-0 b4 18. Ne4 Bxd3 19. Qxd3 a5 20. Rfe1 Qd5 21. Bf4 Nb5 22. Rd2 Na6 23. Be5 Bxe5 24. Nxe5 Rad8 25. Ng6 Rf7 26. Nd6 Rxd6 27. cxd6 Qxd6 28. Qc4 Nac7 29. Ne5 Rf5 30. Nxc6 Nc3 31. a3 N7d5 32. axb4 axb4 33. Rb2 g5 34. Nxb4 gxh4 35. Nxd5 Nxd5 36. Qc8+ Kf7 37. Rb8 Ne7 38. Qe8+ Kg7 39. Rb7 Rf7 40. Re4 h5 41. Rf4 1-0